| 000 | 02133nam a2200493 c 4500 | ||
|---|---|---|---|
| 999 |
_c115270 _d115270 |
||
| 003 | BLK | ||
| 005 | 20200227140512.0 | ||
| 008 | 180409b bul|||||r ||||||| ||bul|| | ||
| 010 | _aKNG00120747000 | ||
| 040 | _aBLK | ||
| 041 |
_aBUL _cBUL |
||
| 080 |
_aХудожествени ръкоделия _b746 _x(035) _z746(035) |
||
| 100 | 1 |
_aХерцег, Беата _eпърви автор _9314023 |
|
| 139 |
_aМодерни ръчни изделия _bМ 79 |
||
| 245 | 1 | 0 |
_aМодерни ръчни изделия _bРъководство _cБеата Херцег; прев. от унг. Теньо Дренчев. |
| 257 | _aHUN | ||
| 260 |
_bТехника _c1988 |
||
| 300 |
_a132 с. _bс ил., черт. _c19х20 см |
||
| 380 | _a7 | ||
| 500 | _aОриг. загл. Modern kezimunkak / Gsokos Gyoryi et al. - Други авт. : Д. Чокош, Е Пайер, Е. Салонтай, А. Кун. | ||
| 650 | 4 |
_aПриложно и декоративно изкуство - наръчници и ръководства _9268020 |
|
| 650 | 4 |
_aТъкани, художествени _9270976 |
|
| 650 | 4 |
_aПлетачество, ръчно - наръчници и ръководства _9245396 |
|
| 653 | _aплетива | ||
| 653 | _aплетачество | ||
| 653 | _aпачуърк | ||
| 653 | _aмакраме | ||
| 653 | _aапликации | ||
| 653 | _aдекоративно изкуство | ||
| 653 | _aприложни изкуства | ||
| 653 | _aнаръчници | ||
| 653 | _aръководства | ||
| 700 | 1 |
_aДренчев, Теньо _eпрев. от унг. _9314024 |
|
| 700 | 1 |
_aЧокош, Дьорди _e* _9142013 |
|
| 700 | 1 |
_aПайер, Емилия _e* _9105639 |
|
| 700 | 1 |
_aПрос, Вероника _e* _9314025 |
|
| 700 | 1 |
_aСалонтай, Ева _e* _9118609 |
|
| 700 | 1 |
_aКун, Ана _e* _9314026 |
|
| 856 | 4 | _qpdf | |
| 856 | 4 | _qpdf | |
| 942 |
_cKNG _n0 _01 _s1 |
||
| 944 |
_aCR _c12.01.2011 _lф / 11.01.2011 _kИрена_Линкова |
||
| 944 |
_aED _c04.04.2013 _lф / 11.01.2011 |
||
| 999 | _d115270 | ||